| 000 | 01170cam a2200301 a 4500 | ||
|---|---|---|---|
| 001 | 1653 | ||
| 003 | BD-RjUL | ||
| 005 | 20211208233359.0 | ||
| 008 | 131208s1996 bg a 000 0 eng | ||
| 035 | _a(BD-RjUL)1680 | ||
| 040 |
_aDLC _cDLC _dDLC _beng |
||
| 041 | _aeng | ||
| 082 |
_219 _a301.350954145 _bSUV 1996 |
||
| 100 | 1 |
_aSufi, Anwarul Hasan, _d1953- _95469 |
|
| 245 | 1 | 0 |
_aVirgin village Bandaikhara : _bits women and mental handicaps / _cAnwarul Hasan Sufi, Katsuhiro Yamasita, Sultana Nazneen. |
| 260 |
_aRajshahi : _bSIVUS Institute Bangladesh ; _aFukushima, Japan : _b Makibito Kai, _c1996. |
||
| 300 |
_a200 p. : _bill. ; _c23 cm. |
||
| 504 | _aIncludes bibliographical references (p. 183-189). | ||
| 650 | 0 |
_aWomen _zBangladesh _zBandaikhara _xSocial conditions. _95470 |
|
| 650 | 0 |
_aPeople with mental disabilities _zBangladesh _zBandaikhara. _95471 |
|
| 651 | 0 |
_aBandaikhara (Bangladesh) _xSocial conditions. _95472 |
|
| 651 | 0 |
_aBandaikhara (Bangladesh) _xEconomic conditions. _95473 |
|
| 700 | 1 |
_aYamashita, Katsuhiro, _d1935- _95474 |
|
| 700 | 1 |
_aNazneen, Sultana, _d1955- _95475 |
|
| 942 |
_2ddc _cBK |
||
| 999 |
_c1653 _d1653 |
||